000 00746nam a2200229Ia 4500
003 OSt
005 20260319113130.0
008 220926b |||||||| |||| 00| 0 eng d
020 _a8174962824
037 _cTextbook
040 _aRTL
_cRTL
_beng
041 _2eng
_aeng
084 _aX9(J):(Z).2.P P0/TD
_qRTL
100 _aUpadhyaya, M. L.
_9386058
245 0 _aTaxmann's law poverty and development: Rural development through Agrarian reforms
_b
260 _aNew
_bDelhi Taxmann Allied Services Pvt. Ltd. India
_c2000
300 _a112p
_ccm.
490 _a"Setalvad Endowment Lectures, University of Bombay"
650 _aAgricultural Economics
942 _hX9(J):(Z).2.P P0/TD
_cTB
_2CC
999 _c702170
_d702170